[Event "Moscow Aeroflot op"]
[Site "Moscow"]
[Date "2002.02.07"]
[Round "5"]
[White "Prokopchuk, Evgeny"]
[Black "Wojtkiewicz, Aleksander"]
[Result "1-0"]
[WhiteElo "2508"]
[BlackElo "2535"]
[Annotator "Tsesarsky,I"]
[PlyCount "120"]
[EventDate "2002.02.04"]
[EventType "swiss"]
[EventRounds "9"]
[EventCountry "RUS"]
[SourceTitle "CBM 088"]
[Source "ChessBase"]
[SourceDate "2002.03.21"]
[SourceVersion "1"]
[SourceVersionDate "2002.03.21"]
[SourceQuality "1"]

1. e4 c5 2. Nf3 {Sicilian defence?} g6 3. d4 Bg7 4. d5 {No...} Nf6 5. Nc3 d6 6.
Be2 O-O 7. O-O e6 8. Nd2 exd5 9. exd5 Nbd7 10. Nc4 Nb6 11. Ne3 Bd7 {Except of
this move Black can play with Nf6 or Rf8 to e8:} ({1.} 11... Ne8 {This move
has several puposes: 1.To bring Nf6 to c7: From this strong square Nc7
supports b7-b5 promotion, attacks Pd5, take on control e6 square.2. To open
g7-a1 diagonal for Bg7.3. To prepare f7-f5 promotion.} 12. a4 (12. g4 $6 {
[%csl Rg1]} Nc7 13. a4 Bd7 14. a5 Nc8 15. Kh1 Ne7 16. f4 f5 17. g5 b5 18. Bf3
Bc8 $132 {1/2-1/2 Murdzia,P-Markowski,T/Lubniewice 1998/EXT 2000 (33)}) (12. g3
f5 13. Ng2 Nc7 14. Re1 Re8 15. h4 Bxc3 16. bxc3 Ncxd5 17. Bg5 $13 {-see
commented game 1-0 Iuldachev,S-Markowski,T/Yerevan 1996/EXT 97[Belov] (44)})
12... f5 (12... Bd7 $5 13. a5 Nc8 14. Nc4 Nc7 15. Bf4 Nb5 16. Ne4 Qe7 17. Bf3
Re8 18. Re1 Qf8 19. c3 h6 20. g4 (20. a6 b6 21. Qd3 g5 22. Bd2 Nc7 $15 {
[%csl Ra6]}) 20... f5 21. gxf5 Bxf5 22. Bg3 $132 {1-0 Mikhalchishin,A-Mikac,M/
Nova Gorica SLO 2001/The Week in Chess 326 (39)}) 13. a5 (13. g3 Nd7 14. a5 f4
15. Ng2 fxg3 16. hxg3 g5 17. Ne4 $14 {1-0 Huzman,A-Hodgson,J/NLD-ch op 1994/
EXT 97 (36)}) (13. f4 Nd7 14. a5 Ndf6 15. Bf3 {-see commented game 1/2-1/2
Rozentalis,E-Hodgson,J/Rakvere 1993/CBM 38 [Belov](45)} (15. h3 {-see
commented game 1/2-1/2 Khalifman,A-Hodgson,J/Belgrade 1993/CBM 39 [Glatman,V]
(47)}) (15. a6 b6 16. Bb5 Nc7 17. Qd3 (17. Bc4 Bd7 18. Qf3 b5 $15) 17... Bd7 (
17... Nxb5 18. Qxb5 Bd7 $11) 18. Bxd7 Qxd7 $15 19. Qd1 $15 {[%cal Gd1f3]} (19.
Bd2 b5 20. b3 Rfe8 21. Ra5 Rab8 22. g3 b4 23. Ncd1 Qf7 24. Nc4 Ne4 $19 {
[%csl Rd5] 1/2-1/2 Rozentalis,E-Markowski,T/Augustow 1996/EXT 99 (66)})) (15.
Kh1 Nc7 16. Bf3 Rb8 17. h3 h5 18. Qe1 b5 19. axb6 axb6 20. Qg3 Kh7 21. Bd2 (21.
Rb1 Na6 22. b3 b5 23. Bb2 Re8 24. Rbe1 Rb7 25. Rf2 (25. Qh4 $2 Ne4 26. Qxd8
Ng3+ 27. Kg1 Rxd8 28. Rf2 Re8 $17 {0-1 Staniszewski,P-Markowski,T/Polanica
Zdroj 1999/CBM 70 ext (59)}) 25... Rbe7 26. Rfe2 Nc7 27. Ncd1 {[%cal Gc2c4]} b4
$132) 21... b5 22. Ra7 b4 23. Ne2 Bb7 (23... Nb5 24. Ra2 Re8 $132) 24. Rfa1
$132) (15. Nc4 Nc7 16. Bf3 Rb8 17. Re1 Re8 18. Rxe8+ Nfxe8 19. Be3 b5 20. axb6
axb6 21. Bf2 Ba6 $132 {0-1 Alonso,S-Markowski,T/Cappelle la Grande 1998/CBM 63
ext (62)})) 13... Nd7 14. Nc4 Ne5 15. Bf4 $1 {This move probably allows White
to keep slight advantage:} (15. Re1 Bd7 (15... Nc7 16. Bf1 Nxc4 17. Bxc4 Qh4
18. Nb5 Nxb5 19. Bxb5 Be5 20. g3 Qf6 {1/2-1/2 Schmidt,W-Markowski,T/Polanica
Zdroj POL 2001/The Week in Chess 356 (20)}) 16. Nxe5 Bxe5 17. f4 Bd4+ 18. Kh1
Nf6 19. Bf3 Ng4 20. Bxg4 fxg4 21. Ne4 Bf5 $11 {1/2-1/2 Ilic,Z-Vuckovic,B/
Herzeg Novi 1999/EXT 2001 (57)}) 15... Nxc4 16. Bxc4 g5 (16... Nf6 17. Qd2 Ng4
18. Bg5 Bf6 19. Bxf6 Qxf6 20. Be2 Ne5 21. f4 Nf7 22. Rfe1 $14 {[%csl Rf7] 1-0
Antic,D-Vuckovic,B/Novi Sad 2000/EXT 2001 (26) ()}) 17. Bd2 h6 18. Qe2 Bd7 19.
Rfe1 Nc7 20. Rab1 Re8 21. Qd3 Qf6 22. Nb5 Nxb5 23. Bxb5 Bxb5 24. Qxb5 Qf7 25.
c4 $14 {1-0 Leko,P-Markowski,T/Polanica Zdroj 1998/CBM 67 (71)}) ({2.} 11...
Re8 {This move is connected with Nf6-e4 and NN exchange. This exchange is in
Black's favour because he has cramped position.} 12. a4 Ne4 13. Nxe4 Rxe4 14.
c3 Bd7 (14... a5 $6 15. Bd3 Re8 16. Bb5 $14 {1/2-1/2 Gelashvili,T-Istratescu,A/
Halkida 2000/EXT 2001 (33)}) 15. a5 Nc8 16. Bd3 Re8 17. Re1 (17. Qb3 Rb8 18.
Bb5 Ne7 19. Rd1 Qc7 20. h3 Nc6 21. Qa2 Ne5 22. Qa4 Bxb5 23. Qxb5 f5 24. Nc2 Qf7
$132 {0-1 Gavrilov,A-Vaulin,A/Novgorod 1995/EXT 2000 (67)}) 17... Rb8 18. Qb3
Qc7 (18... b5 19. axb6 axb6 (19... Rxb6 20. Qd1 $14 {[%csl Ra7]}) 20. Bb5 $14)
19. Bb5 a6 20. Bxd7 Qxd7 21. Bd2 Ne7 22. Qc2 Rbd8 23. Qd3 Nc8 24. Nc4 {[%csl
Ga5,Rb7,Gc4,Rc8,Gd5,Rd6] White won strategical battle: his pieces allocated on
excellent positions, Nc8 is ugly. 1-0 Brunner,L-Gheorghiu,F/SWZ 1995/CBM 49
ext (41)}) 12. a4 Rb8 (12... a6 13. a5 (13. Bd2 Re8 14. Bf3 Qc7 15. Re1 a5 16.
Qb1 h5 17. h3 Nh7 18. Be2 c4 19. Qa2 Rec8 20. Rac1 Be5 21. Bf1 Nf6 $132 {
1/2-1/2 Kushch,N-Gdanski,J/Krynica 1997/CBM 62 (45)}) 13... Nc8 14. Nc4 (14.
Re1 Re8 15. Bd2 Qc7 16. Bd3 Na7 17. Na4 Ne4 18. Nb6 Rad8 19. Bc1 Nc8 20. Nec4
$14 {1/2-1/2 Hoffman,A-Malbran,G/Buenos Aires 2000/CBM 78 ext (54)}) 14... Bb5
15. Bg5 h6 16. Bh4 Re8 17. Ne3 Qd7 18. Re1 Ne4 19. Nxb5 (19. Ng4 $2 Nxc3 20.
bxc3 Bxe2 21. Rxe2 Rxe2 22. Qxe2 g5 $17 {0-1 Petursson,M-Tseshkovsky,V/Palma
de Mallorca 1989/TD (35)}) 19... axb5 20. c3 g5 21. Bg4 Qc7 22. Bg3 Nxg3 23.
hxg3 Ne7 24. Nf5 Nxf5 25. Rxe8+ Rxe8 26. Bxf5 $11) 13. a5 (13. Nb5 Ne8 (13...
a6 14. Nxd6 Bxa4 15. Ndc4 Nxc4 16. Bxc4 $14 {[%csl Ra6,Gd5]}) 14. c4 {
Important move. White solves Pd5 problem.} Nc8 15. g4 Nf6 16. Nc3 Re8 17. Bf3
h6 18. Bd2 b6 19. Rb1 a5 20. Kh1 Ne7 21. Be2 Kh8 22. f4 Neg8 23. Bf3 $14 {
1-0 Svidler,P-Malakhov,V/Elista 1997/CBM 59 (60)}) 13... Nc8 14. Nc4 Ne8 15.
Bf4 b5 16. axb6 axb6 17. Ne4 {[%csl Rd6]} (17. Qd2 b5 18. Na5 Qb6 19. Ra2 Nf6
20. Bf3 b4 21. Nd1 Qc7 22. Nc6 $14 {0-1 Prokopchuk,E-Malakhov,V/Ekaterinburg
1996/CBM 54 (65)}) 17... Qc7 18. Ra2 b5 19. Ne3 Nf6 20. Nxf6+ Bxf6 21. Bg4 (21.
Ng4 Bxg4 (21... Bg7 22. Qd3 b4 23. Nh6+ Kh8 24. Qf3 $14) 22. Bxg4 $14 {^^})
21... Bg7 22. Bxd7 Qxd7 23. Qf3 Nb6 24. Qg3 {[%csl Rd6][%cal Gg3d6]} (24. Rfa1
Ra8 25. Rxa8 Rxa8 26. Rxa8+ Nxa8 27. Qg3 Bxb2 28. Bxd6 c4 29. Be5 Bxe5 30. Qxe5
$16 {[%csl Ra8,Gd5,Ge5][%cal Gd5d8]}) 24... Rfd8 25. b3 (25. c3 $14) 25... Ra8
26. Rxa8 Nxa8 27. c4 Nc7 (27... bxc4 28. bxc4 Nc7 29. Ng4 Ne8 30. Re1 Ra8 31.
h3 $14 {This position, of course, in White's favour. On the other hand, On the
only weakness - Pd6 - Black can protect easily.}) 28. b4 $2 $15 {Interesting,
but premature break. Black recieves 3 pass P on the queenside for minor piece
lack.} ({Much better was silent} 28. Ng4 $14) ({or} 28. Re1 $14) 28... cxb4 29.
c5 Nxd5 ({Not} 29... dxc5 $2 {in view of} 30. Bxc7 $18) 30. Nxd5 dxc5 31. Rd1 (
31. Ne3 Qd4 $15 (31... c4 32. Be5 $1 b3 (32... Re8 33. Bxg7 Kxg7 34. Qg5 $132)
33. Bxg7 Kxg7 34. Qe5+ f6 35. Qc5 {and White temporary stops strong black pass
PP.})) 31... Qe6 32. Qf3 Bd4 33. Nc7 (33. Ne3 c4 $15) 33... Qa2 $6 $11 (33...
Qf6 $142 34. Kf1 (34. Nxb5 Bxf2+ 35. Kxf2 Rxd1 36. Qxd1 Qxf4+ 37. Qf3 Qh4+ $44)
34... b3 35. Qe4 $5 (35. Nxb5 b2 36. Na3 g5 37. Bd2 Qxf3 38. gxf3 Ra8 39. Nb1
c4 $15) 35... b2 36. Rb1 c4 $15) 34. Nxb5 $6 $15 {Inaccuracy. Black gets
slight advantage again.} (34. Kh1 $142 Qc2 35. Nxb5 b3 36. h3 b2 37. Na3 Qf5
38. g4 Qe6 $44) 34... Bxf2+ 35. Kh1 Rxd1+ 36. Qxd1 Bh4 (36... Qe6 $1 $15) 37.
Be5 Qc4 $6 $132 ({Quite strong was} 37... Be7 38. Nc7 f6 39. Bg3 b3 40. Qd5+
Kh8 41. Qe6 Qb1+ 42. Be1 Qd3 43. h3 Qd6 44. Qc8+ Qd8 45. Qb7 b2 46. Na6 Qd6 47.
Nxc5 Qxc5 48. Qxb2 $15) 38. Nc7 $6 $15 {Inaccuracies are repeated, maybe
because of time pressure.} (38. Nd6 $1 Qe6 39. Qa1 Be7 40. Ne4 f6 41. Nxf6+
Bxf6 42. Bxf6 c4 $44) 38... Qe4 39. Bg3 Bf6 (39... Bxg3 $6 40. Qd8+ Kg7 41.
hxg3 Qe2 (41... b3 42. Ne8+ Kh6 43. Qd2+ g5 44. Qc3 Qd4 45. Qxb3 c4 46. Qf3 $16
{[%csl Rh6]}) 42. Ne8+ Kh6 43. Nd6 {and Black had to force draw by perpetuum
check:} Qd1+ 44. Kh2 Qh5+ 45. Kg1 Qd1+ $11) 40. h3 Qd4 41. Qf3 Qa1+ 42. Kh2 Bd4
43. Bf2 b3 $4 $18 {[%csl Rb3] Terrible mistake. Black overlooked simple
intermediate move and loses Pb3} ({Better was} 43... c4 44. Qd5 Bxf2 (44...
Be5+ 45. Bg3 Bxg3+ 46. Kxg3 $15) 45. Qd8+ Kg7 46. Ne8+ Kh6 47. Qd2+ g5 48. Qxf2
Qe5+ 49. Kh1 Kg6 (49... Qxe8 $4 50. Qf6+ Kh5 51. g4+ Kh4 52. Qf2+ Kxh3 53. Qf3+
Kh4 54. Kg2 $18 {[%csl Rh4]}) 50. Qb6+ Qe6 51. Qxb4 Qxe8 52. Qxc4 Qe6 $15) 44.
Bxd4 Qxd4 45. Qxb3 c4 ({Maybe Black supported on} 45... Qe5+ {[%csl Rc7][%cal
Ge5c7] and just missed} 46. Qg3 $18 {[%cal Gg3c7]}) 46. Qb8+ Kg7 47. Nb5 (47.
Ne8+ Kh6 48. Qd6 Qxd6+ (48... Qe3 49. Nf6 $18) 49. Nxd6 c3 50. Nxf7+ Kg7 51.
Ne5 Kf6 52. Nd3 Kf5 53. Nb4 $18) 47... Qd5 48. Nc3 Qd4 49. Qg3 h5 50. Ne2 Qe4
51. Qc3+ Kg8 52. Nd4 Qe5+ 53. Kh1 Qd5 54. Nf3 (54. Kg1 $18) 54... Qc5 (54...
Qd1+ 55. Qe1 Qxe1+ 56. Nxe1 $18) 55. Kh2 Qd6+ 56. Kg1 Qc5+ 57. Kf1 Qd5 58. Ne5
g5 59. Nxc4 Qf5+ 60. Ke2 Qe4+ 1-0

[Event "Olympiad-34"]
[Site "Istanbul"]
[Date "2000.10.30"]
[Round "3.1"]
[White "Efimov, Igor"]
[Black "Matamoros Franco, Carlos S"]
[Result "1-0"]
[WhiteElo "2520"]
[BlackElo "2467"]
[Annotator "Tsesarsky,I"]
[PlyCount "151"]
[EventDate "2000.10.28"]
[EventType "team-swiss"]
[EventRounds "14"]
[EventCountry "TUR"]
[SourceTitle "EXT 2001"]
[Source "ChessBase"]
[SourceDate "2000.11.22"]
[SourceVersion "1"]
[SourceVersionDate "2000.11.22"]
[SourceQuality "1"]
[WhiteTeam "Italy"]
[BlackTeam "Ecuador"]
[WhiteTeamCountry "ITA"]
[BlackTeamCountry "ECU"]

1. d4 Nf6 2. Nf3 c5 3. d5 g6 4. Nc3 Bg7 5. e4 d6 6. Bb5+ Nfd7 (6... Nbd7 7. a4
O-O 8. O-O Ne8 9. Bf4 Nc7 10. Re1 a6 11. Bf1 b6 12. Qd2 Re8 13. Rad1 $14 {
1-0 Kharitonov,A-Vaulin,A/Kursk 1987/EXT 97 (35)}) 7. a4 Na6 (7... O-O {
-mainline}) (7... O-O 8. O-O Na6 9. Re1 Nc7 10. Bf1 b6 11. Bf4 Bb7 12. Qd2 Re8
13. Bc4 a6 14. e5 b5 15. exd6 exd6 16. Rxe8+ Nxe8 17. axb5 Nb6 18. Bf1 $14 {
1-0 Tkachiev,V-Suhendra,A/Jakarta 1996/EXT 98 (28)}) 8. Bf4 Nc7 9. Bc4 (9. Be2
a6 10. Qd2 O-O 11. Bh6 Nf6 12. O-O b6 13. Rab1 Bg4 14. Bxg7 Kxg7 15. b4 $14 {
0-1 Slipak,S-Van Riemsdijk,H/Mar del Plata 1997/EXT 98 (47)}) (9. Bd3 O-O 10.
O-O Nf6 11. h3 $5 {[%csl Rc8]} b6 12. Bc4 Bb7 13. Re1 a6 14. Qe2 Qd7 15. Rad1
Nh5 16. Bh2 b5 17. Ba2 (17. axb5 Bxc3 18. bxc3 axb5 19. Rb1 Ra5 $15 {[%csl Rc4]
[%cal Gf8a8]}) 17... b4 18. Nb1 Qxa4 $17 {0-1 Sielaff,R-De Jong,J/Seefeld 1998/
EXT 2000 (38)}) 9... a6 10. Qd2 {[%cal Gf4h6]} (10. O-O O-O 11. Re1 Rb8 12. Qd3
b6 $5 $132 (12... b5 $6 13. axb5 Nb6 14. Nd2 (14. bxa6 Nxc4 15. Qxc4 Rxb2 16.
a7 Rxc2 17. e5 Ba6 18. Qb3 $16) 14... Nxc4 15. Nxc4 axb5 16. Na5 Bd7 17. e5 $14
{1-0 Nickoloff,B-Rohland,M/Toronto 1978/MCD (43)})) 10... O-O 11. Bh6 {I think,
this plan is not the best in this type of position. Better is to avoid pieces
exchange (because of space advantage!) and to develop forces according to
standard play in positions like this: 0-0, Re1 and e4-e5 - like in the games
noted on the 6 and 7 moves.} Nf6 12. Bxg7 Kxg7 13. O-O Rb8 ({More flexible is} 
13... b6 {and then Rb8}) 14. a5 $1 {[%csl Rb6,Rb7]} b5 $6 $14 (14... Bg4 $5 15.
Ne1 e6 16. f3 exd5 17. Nxd5 Be6 $132) 15. axb6 {[%csl Ra6]} Rxb6 16. b3 Nb5 $2
$16 ({Black missed the last possibility to play} 16... Bg4 $1 17. Ne1 (17. e5
Nd7 $132) 17... e5 $14) 17. h3 $1 {[%csl Rc8]} (17. Rfe1 $143 Bg4 18. e5 Nd7 (
18... dxe5 19. Nxe5 Qd6 20. Bd3 {[%csl Rb6,Rd6][%cal Ge5c4]} Rbb8 21. Nc4 $16 {
[%csl Ra6,Rd6]}) 19. exd6 exd6 (19... Nxd6 20. Bxa6 Bxf3 21. gxf3 Nf5 22. Bd3
$16) 20. Ng5 $14) 17... e5 18. dxe6 fxe6 {In other case White also keep an
advantage, for instance:} (18... Bxe6 19. Na4 Rc6 20. Rfe1 Bxc4 21. bxc4 Na7 (
21... Nc7 22. e5 dxe5 23. Qxd8 Rxd8 24. Nxe5 $16 {[%csl Rc5][%cal Ga4c5]}) 22.
Qc3 $1 {[%cal Gc3g7]} (22. e5 dxe5 23. Qxd8 Rxd8 24. Rxe5 Rdc8 25. Rd1 R8c7 $11
) 22... Kg8 23. e5 Nd7 (23... dxe5 24. Nxe5 Rc8 25. Qf3 $1 $18 {[%csl Ra7,Gc6]
[%cal Gf3b7,Ga1d1]}) 24. exd6 Rxd6 25. Ne5 Nxe5 26. Qxe5 Nc6 27. Qxc5 Nd4 28.
Rac1 $16) ({Or} 18... Nxc3 19. Qxc3 fxe6 20. e5 Ne4 21. Qd3 d5 22. Bxa6 Bxa6 (
22... c4 23. Bxc4 $18) 23. Rxa6 c4 24. Ra7+ $18) 19. Rfd1 $6 $14 ({Right was} 
19. Na4 $1 Rb8 20. e5 $1 $16) 19... Qc7 20. Qe3 $2 $132 {after this mistake,
instead of weaknesses creation by 20.e4-e5, Black consolidates hie forces and
equalizes.} (20. e5 $5 dxe5 21. Bxb5 axb5 22. Qe2 e4 (22... b4 23. Na4 e4 24.
Nxb6 exf3 25. Qb5 fxg2 26. Nxc8 Qxc8 27. Ra7+ Kg8 28. Rd6 $16) 23. Nxe4 $14)
20... e5 $1 {[%csl Gd4][%cal Gc8e6] Of course.} 21. Bxb5 axb5 22. Ra5 Bd7 $6
$14 ({After} 22... b4 $1 23. Ne2 Ra6 24. Rxa6 Bxa6 25. Ng3 $132 {position is
equal.}) 23. Nd5 (23. Rda1 $14) 23... Nxd5 24. exd5 Bf5 25. c3 {[%csl Rg7]
[%cal Ga1a7,Gd1a1] This position will not change seriously during a long time.
White occupied the only open file - a- by his RR, Black K is not such sure as
his White colleague, but there is no weaknesses in the Black camp, maybe Pd6
in future.So, of course, White has a little advantage, but how to increase it?}
b4 ({I would prefer} 25... Rb7 26. Rda1 Qf7 {[%csl Rd5][%cal Gf5h3]} 27. c4
bxc4 28. bxc4 {and if we'll compare this position with position from the game,
we'll recognize the difference: pair of PP is changed.} h6 (28... Rfb8 29. Ng5
(29. Nxe5 dxe5 30. Qxe5+ Qf6 31. Qxf6+ Kxf6 32. Rxc5 $11) 29... Qd7 30. g4 Bxg4
(30... Rb3 31. Ra7 Rxe3 32. Rxd7+ Bxd7 33. fxe3 $16) 31. hxg4 Qxg4+ 32. Kh2
Qh4+ 33. Kg2 Qg4+ (33... Rb3 $2 34. Ra7+ Kg8 35. Qxb3 $1 Rxb3 36. Ra8+ Kg7 37.
Ne6+ Kh6 (37... Kf6 38. Rf8+ Ke7 39. Ra7+ $18) 38. Rh1 $18) 34. Qg3 Qxc4 35.
Qf3 $16 {[%csl Rg7][%cal Gg5e6]}) 29. Ra6 Qe7 30. Nd2 $14) 26. c4 h6 27. Rda1
Rb7 28. Ra6 Qe7 29. Nd2 g5 30. R1a5 ({After} 30. Ne4 {[%csl Rd6,Ge4] Black
will take on e4 now or later} Bxe4 (30... Rd7 31. R1a2 {[%csl Gf2]} Bg6 32. Rb6
Rf4 33. Nxd6 $5 Rxd6 34. Qxc5 Rd7 35. Qxe7+ (35. d6 Qf6 36. Qc8 Rd8 $1) 35...
Rxe7 36. Rxb4 Rd4 37. Rb6 $14) 31. Qxe4 Rf4 32. Qe3 Qf6 33. Rc6 Rd7 (33... Rf7
34. Raa6 Rxf2 35. Rxd6 Rf1+ 36. Kh2 $18) 34. Raa6 Qf8 $14 (34... e4 35. Rxc5
$16)) 30... Rd7 31. Nf3 Bg6 32. Nh2 Bf5 33. Nf1 Bg6 34. Rb6 Rf4 35. Ra8 Rd8 36.
Raa6 Rd4 37. Qe2 Rf4 38. Qa2 Rf7 39. Ne3 Rd7 40. Ra8 Rf8 41. Raa6 Rf7 42. Rc6
Rf8 43. Qe2 h5 {Not necessary but possible move.} (43... Rf6 $14) (43... Rf7
$14) 44. Nf1 Kh6 45. Nd2 Kg7 46. Nf3 e4 (46... Rf4 $5) 47. Nd2 Qe5 48. Nf1 Rf6
49. Ra2 Rdf7 50. Qe3 Rf4 51. Rca6 R4f6 52. Ra7 Rf4 53. Rxf7+ Rxf7 {The first
change of position. RR excange don't change position evaluation -+/=} 54. Qd2
Rf8 55. Ne3 Rf7 56. Qc1 Qd4 57. Ra6 Qf6 58. Qa1 Qxa1+ 59. Rxa1 Kf6 60. Ra8 Rg7
({Or} 60... Bh7 61. Re8 Re7 $11) 61. Kf1 Ke5 62. Ke2 Re7 (62... Kd4 63. Kd2)
63. Nc2 e3 $4 $18 {Terrible move. Maybe Black thought this P "sacrifice" opens
lines for R and B activity?} ({Good enogh was} 63... h4 64. Ke3 Be8 65. Ne1 Bh5
66. Rg8 Kf6 (66... Bd1 67. Rf8 Bxb3 68. f3 Bxc4 69. fxe4 Bxd5 $8 70. Rf5+ Ke6
71. Rxd5 $16) 67. Rd8 Ke5 68. Rg8 $11) 64. Nxe3 Kd4 65. Kd2 Rf7 66. Nd1 g4 (
66... Bd3 67. Ra6 h4 68. Rxd6 Ra7 69. Re6 Ra2+ 70. Ke1 Ra1 71. d6 $18) 67. hxg4
hxg4 68. Rg8 Rf6 69. Rg7 $22 Ke5 70. Ke2 Kd4 71. Kd2 Ke4 72. Re7+ Kd4 73. Re3
Bf5 74. Rg3 Rf8 75. Ne3 Bd7 76. Nxg4 1-0

[Event "RUS Cup final 4th"]
[Site "Elista"]
[Date "2000.08.25"]
[Round "6"]
[White "Kruppa, Yuri"]
[Black "Kotsur, Pavel"]
[Result "1-0"]
[WhiteElo "2582"]
[BlackElo "2589"]
[Annotator "Tsesarsky,I"]
[PlyCount "77"]
[EventDate "2000.08.19"]
[EventType "tourn"]
[EventRounds "11"]
[EventCountry "RUS"]
[EventCategory "12"]
[SourceTitle "CBM 079"]
[Source "ChessBase"]
[SourceDate "2000.11.21"]
[SourceVersion "1"]
[SourceVersionDate "2000.11.21"]
[SourceQuality "1"]

1. d4 e6 2. c4 c5 3. d5 exd5 4. cxd5 d6 5. e4 g6 6. f4 Bg7 7. Nf3 Nf6 8. Bb5+
Nfd7 9. O-O O-O 10. Kh1 (10. Nc3 {mainline A-67}) 10... Na6 11. Nc3 Nc7 12. Bd3
Nf6 (12... a6 13. a4 $14 (13. f5 b5 14. Bf4 Qe7 $132 {1-0 Southam,T-Teodoro,E/
Toronto Class 1993 (24)})) (12... Rb8 13. a4 b6 14. Re1 $14 (14. f5 a6 15. Bg5
Bf6 16. Qd2 Bxg5 17. Nxg5 b5 $132 {0-1 Happel,H-Blees,A/Haarlem NED 2000/The
Week in Chess 297 (43)}) (14. Bd2)) 13. a4 Bg4 $6 {This plan connected with
Bg4 change for Nf3. Pair of BB is important factor in this position, White has
advantage.} (13... Rb8 $142 $5) (13... a6 $142 $5) 14. h3 Bxf3 15. Qxf3 $14 a6
16. Be3 Nd7 17. Rad1 Ne8 $5 ({After} 17... b5 {right is} 18. e5 $1 ({not} 18.
axb5 axb5 19. Nxb5 Nxb5 20. Bxb5 Bxb2 {a lot of material is changed, and for
Black it is easier to defend position.} 21. Rb1 Bg7 22. Bc6 Ra7 23. Rfd1 $14)
18... dxe5 19. d6 (19. f5 b4 20. Nb1 Ne8 21. Nd2 Nd6 22. b3 Re8 {[%cal Ge5e4]}
23. fxg6 fxg6 24. Ne4 $44) 19... Ne6 20. axb5 axb5 21. f5 Nd4 22. Bxd4 cxd4 23.
Nxb5 $14) 18. Rfe1 Rb8 19. Bg1 {[%cal Gg1h2,Ge4e5]} Qc7 $2 $16 {[%csl Re8]
[%cal Gc5c4] Unlogical move} (19... Nc7 $142 {[%cal Gb7b5]} 20. Bh2 $14) 20.
Qe2 $1 {[%csl Gc4]} (20. Bc2 $6 b5 {[%cal Gc5c4]} 21. axb5 axb5 22. Ra1 b4 23.
Nd1 c4 $132) 20... Rc8 21. Bh2 f6 {Black agree to play passive position.} (
21... c4 22. Bc2 $16 {[%csl Gb5,Gc8][%cal Gb8c8] and here impossible b7-b5.})
22. h4 $1 {[%cal Gh4h5]} Rf7 23. h5 Nf8 24. Bc4 $1 {[%csl Yc4,Yh2][%cal Gc4g8,
Ge4e5]} Qd8 25. e5 $1 fxe5 26. fxe5 Qh4 (26... Bxe5 $2 27. Bxe5 Re7 (27... dxe5
28. d6 $18) 28. Qf2 Rf7 29. Qg3 dxe5 30. d6 $18) 27. g3 (27. hxg6 Nxg6 28. g3
$16) 27... Qxh5 28. e6 $1 (28. Qxh5 gxh5 29. e6 $14) 28... Re7 (28... Qf3+ 29.
Kg1 Rf5 30. g4 Qxe2 31. Bxe2 $16 {[%csl Rd6,Rf5][%cal Gc3e4]}) 29. Ne4 {
[%csl Rd6]} Be5 30. Qf2 {[%cal Ge1f1]} Qf5 (30... Ng7 31. Nf6+ Bxf6 32. Qxf6
Nf5 33. Be2 Nxg3+ (33... Qh3 34. Rd3 c4 35. Rf3 Rec7 36. Bd1 $1 $16 {[%cal
Ge6e7]}) 34. Kg2 Nxe2 35. Qxe7 Qg4+ 36. Kf2 $18) 31. Qg2 {[%cal Gg3g4]} Nf6 32.
Nxf6+ Qxf6 33. Rxe5 $1 {Very strong impact - White destroys Black's Blockade.}
b5 $6 (33... Qxe5 $6 34. g4 Qe3 35. Bxd6 Ree8 36. Qe2 $1 {The best solution -
to change QQ!} (36. Bxf8 Rxf8 37. d6 Rf3 38. e7+ Kg7 39. Bf1 {[%cal Gd6d7]} Rb8
40. d7 (40. Rd3 Qh6+ 41. Kg1 Rxd3 $19) 40... Rxf1+ 41. Qxf1 Qxe7 42. Qf3 $44)
36... Qxe2 37. Bxe2 c4 (37... h6 38. Bc4 Rcd8 39. Bxf8 Kxf8 40. d6 Kg7 41. a5
Kf6 42. e7 Rd7 43. Kg2 $18) 38. e7 Nd7 39. g5 {[%cal Ge2g4]} h5 $8 40. gxh6 Nf6
41. Kg2 c3 42. bxc3 Rxc3 43. Rf1 Nh7 44. Bg4 $18) ({Seems the best move here is
} 33... dxe5 $1 34. d6 (34. Rf1 Qg7 (34... Qg5 35. d6 Rxe6 36. Qxb7 Rd8 37. Qe7
$1 $18) 35. d6 Rxe6 36. Rxf8+ Rxf8 37. Bxe6+ Kh8 38. d7 Qf6 39. Qd5 $16 {
[%cal Gh2g1]}) 34... Rxe6 35. Rf1 Qg7 36. Rxf8+ Rxf8 37. Bxe6+ Kh8 38. d7 Qf6
39. Qd5 $16 {[%cal Gh2g1]}) 34. Re4 bxc4 35. g4 {[%csl Rd6][%cal Gh2d6]} Rb7 (
35... Rd8 36. Rxc4 $18) 36. g5 (36. Bxd6 Rxb2 37. Qg3 Rb3 38. g5 Qf5 39. Qg2
Rb2 40. Rf4 Rxg2 41. Rxf5 Re2 42. Rf6 $18 {[%cal Gd6f8,Gd5d6]}) 36... Qe7 37.
Rf1 Rcb8 38. Rf7 c3 39. Rxe7 1-0